Dokážu prežiť
Aj napriek zvyšujúcej sa konkurencii veľkoplošných predajní na slovenskom trhu pribudli vlani ďalšie podnikové predajne. Výhody podnikových predajní. Akcie na podporu predaja. Najviac zákazníkov majú zo staršej a strednej generácie. Budúcnosť podnikových predajní nie je ohrozená. Podnikové predajne...
Gespeichert in:
| 1. Verfasser: | |
|---|---|
| Format: | Buchkapitel |
| Sprache: | Slowakisch |
| Schlagworte: | |
| Tags: |
Keine Tags, Fügen Sie das erste Tag hinzu!
|
MARC
| LEADER | 00000naa$a2200000$$$4500 | ||
|---|---|---|---|
| 001 | 0040052 | ||
| 005 | 20231107130317.7 | ||
| 041 | 0 | |a slo | |
| 044 | |a SK | ||
| 245 | 1 | 0 | |a Dokážu prežiť |c Daniel Košťál |
| 520 | |a Aj napriek zvyšujúcej sa konkurencii veľkoplošných predajní na slovenskom trhu pribudli vlani ďalšie podnikové predajne. Výhody podnikových predajní. Akcie na podporu predaja. Najviac zákazníkov majú zo staršej a strednej generácie. Budúcnosť podnikových predajní nie je ohrozená. Podnikové predajne prinášajú výrobcovi dôležité informácie. | ||
| 610 | 2 | 0 | |a predajne podnikové |
| 610 | 2 | 0 | |a zákazníci |
| 610 | 2 | 0 | |a podpora predaja |
| 100 | 1 | |a Košťál, Daniel | |